00833 2200313 4500001002100000005001500021035002000036007000300056040001700059100002700076245004200103250001200145300003700157504002400194020001800218041000800236082001100244084001700255090002200272264004400294336002100338337003000359338002300389650001200412850001000424008004100434990002200475990002200497INLIS00000000000630520260418072309 a0010-0322000549ta aSBPUPADbind0 aIdris ThahaePengarang1 aNarkoba?! Nggak, Dong! /cIdris Thaha a.-cet.1 aviii, 30 hal. :billus. ;c25 cm abibliografi, hlm 29 a979-3464-31-30 aind a362.29 a362.29 IDR n a362.29 IDR n 13-1 a.--Jakarta :bPrenada Media Grup,c2006 2rdacontentaTeks 2rdamediaaTanpa Perantara 2rdacarrieravolume 4aNarkoba aPUPAD260418 0  a6197/ARPUS-PDG/08 a6196/ARPUS-PDG/08